000 00560nam a2200217Ia 4500
003 OSt
005 20220926042251.0
006 a|||||r|||| 00| 0
007 ta
008 220923b |||||||| |||| 00| 0 eng d
037 _cGeneral Book
040 _aRTL
_cRTL
_beng
041 _2eng
_aeng
082 _aX9J:Z1-3, H5-;1
100 _aLIVERSAGE V
_9346028
245 0 _aLand tenure in the colonies
260 _c1945
650 _aLand Reforms Industry
942 _hX9J:Z1-3, H5-;1
_cGB
_2CC
999 _c669307
_d669307